000 nam a22 a 4500
999 _c490134
_d490134
003 BLK
005 20230328124850.0
008 230324b bu |||||r|||| 00| | bu d
020 _a9786065390454
040 _aBLK
041 _aROM
_cDRU
080 _aФренска литература
_b821.133.1
_x-31
_z821.133.1-31
100 1 _925262
_aStendhal
139 _aStendhal
_bS 82
245 _aRosu si negru
_cStendhal ; trad. de Doru Mares.
260 _9216607
_aBucuresti
_bAdevarul
_c2009
_n978-606-
300 _a558 p.
_c20 cm
380 _aX
490 _9486986
_aBiblioteca Adevarul
490 _9487022
_a100 de opere esentiale
_v47
500 _aОриг. загл.: Le Rouge et le Noir / Stendhal.
700 _9487090
_aMares, Doru
_etrad.
856 _i0.00
_ldisable
942 _cKNG
_n0
_s1
944 _aCR
_c2023-03-24
_kКети
999 _d490134